Desarrollo y participación en los páramos de Colombia : (Registro nro. 326326)

Detalles MARC
000 -ENCABEZADO
Número de control [NR] 01588nam a22002297a 4500
005 - FECHA Y HORA DE LA ÚLTIMA TRANSACCIÓN
control field 20260430113836.0
008 - DE LONGITUD FIJA DE DATOS DE ELEMENTOS - INFORMACIÓN GENERAL
Elementos de longitud fija [NR] 260430t2026 |||||||| |||| 00| 0 spa d
040 ## - FUENTE DE CATALOGACION [NR]
Agencia de catalogación original [NR] CO-BoUCM
Idioma de catalogación [NR] spa
Quien Cataloga Stefania Borbon
Quien Clasifica Stefania Borbon
100 ## - ASIENTO PRINCIPAL--NOMBRE PERSONAL [NR]
Nombre personal [NR] Senior Serrano, Sebastián
ID Autoridad 97965
245 ## - MENCION DE TITULO [NR]
Título [NR] Desarrollo y participación en los páramos de Colombia :
Parte restante del título [NR] Análisis desde el páramo de Santurbán en el municipio de Cácota /
Mención de responsabilidad, etc. [NR] Sebastián Senior Serrano
260 ## - PUBLICACION, DISTRIBUCION, ETC. (PIE DE IMPRENTA) [R]
Lugar de publicación, distribución, etc. [R] Bogotá, D. C. :
Nombre del editor, distribuidor, etc. [R] Editorial Universidad del Rosario,
Fecha de publicación, distribución, etc. [R] 2026
300 ## - DESCRIPCION FISICA [R]
Extensión [R] 289 páginas :
Otros detalles físicos [NR] ilustraciones, mapas
500 ## - NOTA GENERAL [R]
Nota general [NR] "Este libro fue compuesto en caracteres Garamond Premier Pro e impreso en Bogotá D.C., Colombia" -- Colofón.
504 ## - NOTA DE BIBLIOGRAFIA, ETC. [R]
Nota de bibliografía, etc. [NR] Incluye referencias bibliográficas
520 ## - NOTA DE RESUMEN, ETC. [R]
Nota de sumario, etc. [NR] Presenta una discusión sobre los retos del desarrollo integral de las poblaciones rurales que habitan el Páramo de Santurbán, frente a las dificultades de la delimitación y la prohibición de la agricultura. Analiza el marco teórico de la gobernanza ambiental global y el cumplimiento de los Objetivos de Desarrollo Sostenible en Colombia, proponiendo redes de gobernanza que involucren activamente a los pobladores locales.
650 #4 - ASIENTO SECUNDARIO DE MATERIA - TERMINO TEMATICO [R]
Término temático o nombre geográfico como elemento de entrada [NR] Conservación de ecosistemas
Subdivisión geográfica [R] Páramo de Santurbán
-- Colombia
9 (RLIN) 188928
650 #4 - ASIENTO SECUNDARIO DE MATERIA - TERMINO TEMATICO [R]
Término temático o nombre geográfico como elemento de entrada [NR] Gobernanza ambiental
Subdivisión geográfica [R] Colombia
9 (RLIN) 188929
650 #4 - ASIENTO SECUNDARIO DE MATERIA - TERMINO TEMATICO [R]
Término temático o nombre geográfico como elemento de entrada [NR] Participación comunitaria
Subdivisión general [R] Aspectos ambientales
Subdivisión geográfica [R] Colombia
9 (RLIN) 188930
651 ## - ASIENTO SECUNDARIO DE MATERIA - NOMBRE GEOGRAFICO [R]
Nombre geográfico [NR] Páramo de Santurbán (Santander, Colombia)
Subdivisión general [R] Gestión ambiental
9 (RLIN) 188931
942 ## - ELEMENTOS DE ENTRADA AGREGADOS (KOHA)
Sistema de clasificación DEWEY
Tema principal Ciencias puras
Tipo de ítem principal el descrito en 300a Libro
Edición 1
Clasificación 333.72
Parte restante de la signatura top. S477
Existencias
Total préstamos Signatura topográfica Código de barras Última vez visto Ejemplar Price effective from Tipo de ítem Perdido Sistema de clasificación Dañado No prestable Tipo de ítem específico Suprimido Ubicación habitual Ubicación actual Localización Fecha de creación Forma de adquisición Costo
  333.72 S477 100174832 30/04/2026 Ej.1 30/04/2026 Edición Rosarista   DEWEY     Libro Edición Rosarista   Claustro Claustro 4to piso 30/04/2026 Compra 55250.00
  333.72 S477 100174831 30/04/2026 Ej.2 30/04/2026 Libro   DEWEY     Libro   Claustro Claustro 4to piso 30/04/2026 Compra 55250.00
  333.72 S477 100174830 30/04/2026 Ej.3 30/04/2026 Libro   DEWEY     Libro   Claustro Claustro 4to piso 30/04/2026 Compra 55250.00